Desagravios dolorosos de la Santísima Virgen María Nuestra Señora, por los agravios ignominiosos de Christo Nuestro Redentor.

Detalles Bibliográficos
Autor principal: ABREU, Juan de
Formato: Libro
Publicado: Puebla 1774
Materias:
Colección:Banco de datos
Acervo:Biblioteca del Convento de Santa Mónica de la Ciudad de Puebla. Puebla
Tema general:Ascética
Notas:Buena. No. de Reg. 188351. C1, 12.
LEADER 00734nam a22001930004500
035 |a 52483 
036 |a 2251 
100 1 |a ABREU, Juan de 
245 1 0 |a Desagravios dolorosos de la Santísima Virgen María Nuestra Señora, por los agravios ignominiosos de Christo Nuestro Redentor. 
260 |a Puebla  |b imp. Herederos de la Viuda de Miguel de Ortega  |c 1774 
500 |a Buena. No. de Reg. 188351. C1, 12. 
650 1 0 |a Ascética 
949 |a CRP-SM 
959 |a Ex convento de Santa Mónica. Puebla, Puebla  |b CCC5 
960 |a Convento de Santa Mónica de la ciudad de Puebla  |b DD88 
961 |a Franciscana  |b OF 
942 |c CRP-SM 
943 |g Biblioteca del Convento de Santa Mónica de la Ciudad de Puebla. Puebla 
999 |c 962821  |d 962821